000
00311nam a22001337a 4500
008
170807b xxu||||| |||| 00| 0 eng d
020
_a
9780538495387
041
_a
eng
080
_a
004
100
_a
33
101
_a
SHK
245
_a
KEYBOARDING & WORD PROCESSING ESSENTIALS
_c
VANHUSS,S.H
942
_2
udc
_c
BK
999
_c
22750
_d
22750